000 00515cam a2200169 4500
005 20251002093837.0
008 240708b1995 ag ||||| |||| 00| 0 spa d
020 _a950200891X
050 0 4 _aKHA2640
_bF35 1995
100 1 _aFalcón, Enrique M.
245 1 0 _aCómo se ofrece y se produce la prueba
_c / Enrique M. Falcón
250 _a2a ed.
_bactualizada
260 _aBuenos Aires :
_bAbeledo-Perrot,
_c1995
300 _a119 p. ;
_c18 cm.
650 7 _2lemb
_aPrueba (Derecho)
_xArgentina
942 _2lcc
_cLIB
999 _c135854
_d135854